000 00974nam a2200265Ia 4500
003 OSt
005 20221005113000.0
006 a|||||r|||| 00| 0
007 ta
008 221004b |||||||| |||| 00| 0 pan d
020 _a9788171167180 (hbk)
_cINR 550.00
024 _a45245
037 _b171, 15/02/2019, National Book Shop
_cTextual
040 _aCRL
_cCRL
_bpan
041 _2pan
_apan
082 _aO153,1N371,4:g, Q9
100 _aਰਵਿੰਦਰ ਰਵੀ੍ਵ, ਂਚ.
245 0 _aਦਰ ਦੀਵਾਰਾਂ ਤੇ ਸਿਆਸੀ ਦੰਦ-ਕਥਾ
260 _aਦਿੱਲੀ
_bਨੈFਨਲ ਬੁਕ Fਾਪ ਭਾਰਤ
_c2019
300 _a304ਪ੍ਰ0
_ccm.
650 _a ਪੰਜਾਬੀ ਕਾਵਿ
650 _aਪੰਜਾਬੀ ਸਾਹਿਤ
942 _hO153,1N371,4:g, Q9
_cTEXL
_2cc
999 _c1026642
_d1026642